| 000 | 00615nam a2200181Ia 4500 | ||
|---|---|---|---|
| 008 | 090124s9999 xx 000 0 und d | ||
| 082 | _b120953 | ||
| 100 | _aपांढरीपांडे विजय. | ||
| 245 | _a देवाशपथ खरं सांगेन ! | ||
| 250 | _a1 | ||
| 260 | _c1985 | ||
| 300 | _a100 | ||
| 600 | _aपांढरीपांडे विजय. | ||
| 630 | _a देवाशपथ खरं सांगेन ! | ||
| 700 | _aपांढरीपांडे विजय. | ||
| 730 | _a देवाशपथ खरं सांगेन ! | ||
| 942 | _cBOOK | ||
| 999 |
_c167039 _d167039 |
||